000 00874nam a2200253Ia 4500
003 OSt
005 20220918110703.0
006 a|||||r|||| 00| 0
007 ta
008 220915b |||||||| |||| 00| 0 hin d
024 _a176336
037 _cReference Collections
040 _aARTS
_cARTS
_bhin
041 _2hin
_ahin
082 _aO152,1I00k, L3(RR)
100 _aचतुर्वेदी, परशुराम, संपा.
_98998
245 0 _aकबीर कोश
246 _aKabīr kosha
260 _aइलाहाबाद
_bस्मृति प्रकाशन भारत
_c1973
300 _a420 पृ0
650 _aहिन्दी साहित्य
942 _hO152,1I00k, L3(RR)
_cREF
999 _c114016
_d114016